Estadísticas para ¿Cuánta suerte tienes?

Haz click aquí para tomar la prueba!

Estadísticas generales

  • Esta prueba ha sido tomada 1.833 veces
  • La puntuación promedio es 10 de 20

Estadísticas de respuestas

PreguntaAzulejoSelect% Correcto
azulejos abajoEscójame
54%
azulejos abajoEscójame
53%
azulejos abajoEscójame
53%
azulejos abajoEscójame
52%
azulejos abajoEscójame
52%
azulejos abajoEscójame
52%
azulejos abajoEscójame
51%
azulejos abajoEscójame
51%
azulejos abajoEscójame
51%
azulejos abajoEscójame
50%
azulejos abajoEscójameNo
49%
azulejos abajoEscójameNo
48%
azulejos abajoEscójameNo
48%
azulejos abajoEscójameNo
48%
azulejos abajoEscójameNo
47%
azulejos abajoEscójameNo
47%
azulejos abajoEscójameNo
47%
azulejos abajoEscójameNo
46%
azulejos abajoEscójameNo
46%
azulejos abajoEscójameNo
44%

Distribución de puntuación

Porcentaje por número respondido

Porcentaje de gente con cada puntuación

Historial de tus puntuaciones

No has tomado esta prueba